000
00290nam a2200133Ia 4500
100
_a
Jenson/K./ Wirth/N.
942
_c
BK
654
_a
pascal
245
_a
Pascal User Manual & Report
260
_b
Narosa Pub House
_a
New Delhi
_c
1993
300
_a
130
546
_a
ENGLISH
999
_c
27618
_d
27618